000 00746nam a2200217Ii 4500
003 JO-AjNU
008 230605s9999||||xx |||||||||||||| ||und||
017 _a34596
040 _aJO-AjNU
_bara
_erda
_cJO-AjNU
041 _aara
050 1 4 _aGF41.K4264 1994
100 3 _aالخفاف، عبد علي، م.مشارك محمد احمد غقلة المومني,
_eauthor
_947268
245 0 0 _aالأرض وأعداد البشر
250 _aط1
264 3 1 _aعمان: المركز العربي للخدمات الطلابية، 1994
300 _a127ص
336 _atext
_btxt
_2rdacontent
337 _aunmediated
_bn
_2rdamedia
338 _avolume
_bnc
_2rdacarrier
650 4 _aالسكان-علم- جغرافية السكان
_947269
999 _aA20622
_c24190
_d24190